Etika bankovní práce.

Etické požiadavky na prácu človeka. Skúmanie problému etiky bankovej práce vo vzťahu bankového úradníka k banke, vo vzťahu bánk navzájom a k zákazníkom. Obsah, nákladnosť a frekvencia reklamy banky.

Salvato in:
Dettagli Bibliografici
Autore principale: Velek, J.
Natura: Capitolo di libro
Lingua:ceco
Soggetti:
Tags: Aggiungi Tag
Nessun Tag, puoi essere il primo ad aggiungerne!!

MARC

LEADER 00000naa a2200000 4500
001 r011874
005 20220826093352.9
041 0 |a cze 
044 |a CZ 
245 1 0 |a Etika bankovní práce.  |c J. Velek 
520 |a Etické požiadavky na prácu človeka. Skúmanie problému etiky bankovej práce vo vzťahu bankového úradníka k banke, vo vzťahu bánk navzájom a k zákazníkom. Obsah, nákladnosť a frekvencia reklamy banky. 
610 2 0 |a etika 
610 2 0 |a pracovníci administratívni 
610 2 0 |a zákazníci 
610 2 0 |a banky 
100 1 |a Velek, J.